| 000 | 01052nam a2200265Ia 4500 | ||
|---|---|---|---|
| 003 | OSt | ||
| 005 | 20220923211610.0 | ||
| 006 | a|||||r|||| 00| 0 | ||
| 007 | ta | ||
| 008 | 220922b |||||||| |||| 00| 0 hin d | ||
| 020 |
_a9789388891912 (hbk) _c1150 |
||
| 024 | _a354,762 | ||
| 037 |
_b1117, 29/12/2021, Kiran Book Service _cTextual |
||
| 040 |
_aARTS _cARTS _bhin |
||
| 041 |
_2hin _ahin |
||
| 082 | _aO152:g, Q0 | ||
| 100 | _aदेवेन्द्र सिंह, ले. | ||
| 245 | 0 | _aडॉ रामविलास शर्मा की साहित्येतिहास - दृष्टि | |
| 246 | _aḌaॉ rāmavilās sharmā kī sāhityetihās - dṛuṣhṭi | ||
| 260 |
_aनई दिल्ली _b स्वराज प्रकाशन _c2020 |
||
| 300 |
_a336पृ. _ccm. |
||
| 650 |
_aहिन्दी साहित्य _9156264 |
||
| 942 |
_hO152:g, Q0 _cTEXL _2CC |
||
| 999 |
_c301238 _d301238 |
||